La tragedia de Romeo y Julieta / (Registro nro. 10239)

Detalles MARC
000 -LIDER
fixed length control field 00744nam a2200277 u 4500
001 - NÚMERO DE CONTROL
Identificador de número de control 034609
003 - IDENTIFICACDOR DE NÚMERO DE CONTROL
control field DO-SdBNP
005 - DATE AND TIME OF LATEST TRANSACTION
control field 20180205144407.0
007 - CAMPOS FIJOS DE DESCRIPCIÓN FÍSICA
fixed length control field 034609
008 - ELEMENTOS DE LONGITUD FIJA
fixed length control field 111010s1991 ec a 000 0 spa d
020 ## - ISBN
International Standard Book Number 9978801200
040 ## - FUENTE DE CATALOGACIÓN
Agencia que crea de manera original el registro BNPHU
Idioma de catalogación spa
Agencia que realiza la transcripción BNPHU
092 ## - LOCALLY ASSIGNED DEWEY DECIMAL CALL NUMBER
Número de clasificación xxxx
Número de ítem (Cutter) xxxx
100 1# - ASIENTO PRINCIPAL -- NOMBRE PERSONAL
Nombre personal Shakespeare, William,
Fechas asociadas con el nombre 1564-1616
245 10 - MENCIÓN DE TITULO
Título La tragedia de Romeo y Julieta /
Mención de responsabilidad William Shakespeare
260 ## - PUBLICACIÓN, DISTRIBUCIÓN, ETC. (PIE DE IMPRENTA)
Lugar de publicación, distribución, etc Quito, Ecuador :
Fecha de publicación, distribución, etc Libresa,
-- 1991
300 ## - DESCRIPCIÓN FÍSICA
Extensión 54 p. :
Otros detalles físicos il. ;
Dimensiones 21 cm.
490 ## - MENCIÓN DE SERIES
Mención de serie Clásicos de siempre
700 1# - ASIENTO SECUNDARIO -- NOMBRE PERSONAL
Nombre personal
Mención de responsabilidad
700 1# - ASIENTO SECUNDARIO -- NOMBRE PERSONAL
Nombre personal
Mención de responsabilidad
700 1# - ASIENTO SECUNDARIO -- NOMBRE PERSONAL
Nombre personal
Mención de responsabilidad
830 ## - ASIENTO SECUNDARIO DE SERIE--TÍTULO UNIFORME
Título uniforme Clásicos de siempre
942 ## - ADDED ENTRY ELEMENTS (KOHA)
Source of classification or shelving scheme Dewey Decimal Classification
Koha item type Libros
945 ## - INFORMACIÓN DE PROCESAMIENTO LOCAL
Información de procesamiento local Inventariado, 2018/ YL
956 ## - LOCAL ELECTRONIC LOCATION AND ACCESS (OCLC)
Nombre de host VMATEO
Número de acceso 10
Información de compresión 20160531
Inicio de sesión BPMSU
Procesador de solicitud 00069
Existencias
Withdrawn status Lost status Source of classification or shelving scheme Damaged status Not for loan Collection code Home library Current library Date acquired Source of acquisition Total Checkouts Barcode Date last seen Price effective from Koha item type Copy number
    Dewey Decimal Classification     Colección General Biblioteca Pública Metropolitana Salomé Ureña Biblioteca Pública Metropolitana Salomé Ureña 05/31/2016 FUNDI   BPMSU16050466 05/31/2016 05/31/2016 Libros  
    Dewey Decimal Classification     Colección General Biblioteca Pública Metropolitana Salomé Ureña Biblioteca Pública Metropolitana Salomé Ureña 05/31/2016 FUNDI   BPMSU16050467 05/31/2016 05/31/2016 Libros ej. 2